| 000 | 00757nam a2200205 a 4500 | ||
|---|---|---|---|
| 003 | 0 | ||
| 005 | 20250208090943.0 | ||
| 008 | 120719s19uu xx 00 eng d | ||
| 050 |
_aPGS TX 361.A8 _b.Y66 2012 |
||
| 100 | _aYoshiteru, Ando. | ||
| 245 |
_aGender and eating habits of grade 6 students of SISC / _cAndo Yoshiteru. |
||
| 260 |
_aLas PiƱas City, Philippines : _bSouthville International School and Colleges, _c2012. |
||
| 300 |
_a28 pages : _billustrations ; _c28 cm. |
||
| 504 | _aIncludes bibliographical references. | ||
| 650 |
_aEating habits _vSex differences. |
||
| 650 |
_aFood preferences _vGender differences. |
||
| 650 |
_aChildren _vNutrition and eating habits. |
||
| 650 |
_aDietary habits _vInfluence of gender. |
||
| 942 |
_2lcc _cPASS |
||
| 999 |
_c98747 _d98747 |
||